[Event "XVI Weekend B"]
[Site "Ceriano Laghetto ITA"]
[Date "2007.04.01"]
[Round "4"]
[White "Libutti, Michele"]
[Black "Regorda, Vittorio"]
[Result "0-1"]
[WhiteElo "1887"]
[BlackElo "1891"]
[PlyCount "124"]
[EventDate "2007.03.30"]

1. d4 Nf6 2. c4 g6 3. Nc3 Bg7 4. e4 d6 5. Nf3 O-O 6. Be2 Nc6 7. d5 Nb8 8. O-O
e5 9. b4 Nh5 10. Ne1 Nf4 11. Nd3 Na6 12. Be3 Nxd3 13. Bxd3 Nxb4 14. Rb1 Nxd3
15. Qxd3 f5 16. f3 b6 17. a4 Bd7 18. a5 Qe7 19. Nb5 Rfc8 20. Ra1 a6 21. Nc3
Rcb8 22. Rfb1 Qd8 23. Rb2 f4 24. Bf2 g5 25. Rab1 bxa5 26. Rxb8 Rxb8 27. Ba7
Rxb1+ 28. Qxb1 Qa8 29. Qb8+ Qxb8 30. Bxb8 Kf7 31. Kf2 Ke7 32. Bxc7 a4 33. Nb1
Be8 34. Ke2 Kd7 35. Bb6 Bf8 36. Kd3 Be7 37. Na3 Kc8 38. Kc3 Kb7 39. Ba5 h5 40.
h3 Bd7 41. Kd3 g4 42. hxg4 hxg4 43. Ke2 Bh4 44. Bb4 Be7 45. Ba5 gxf3+ 46. gxf3
Bh3 47. Nc2 Kc8 48. Bb4 Kd7 49. Ba5 Bd8 50. Bxd8 Kxd8 51. Kd3 a5 52. Na3 Bf1+
53. Kd2 Kd7 54. Ke1 Bh3 55. Nb5 Ke7 56. Kf2 Bd7 57. Na3 Kd8 58. Ke2 Kc7 59. Kd3
Kb6 60. Kc3 Kc5 61. Nc2 Bh3 62. Na3 Bg2 0-1

[Event "XVI Weekend B"]
[Site "Ceriano Laghetto ITA"]
[Date "2007.04.01"]
[Round "4"]
[White "Marcangeli, Alessandro"]
[Black "Rossi, Giampiero"]
[Result "0-1"]
[WhiteElo "1706"]
[BlackElo "1980"]
[PlyCount "160"]
[EventDate "2007.03.30"]

1. d4 d5 2. Nf3 c6 3. Bf4 Nf6 4. e3 Bf5 5. Bd3 Bxd3 6. Qxd3 e6 7. Nbd2 Nbd7 8.
h3 Be7 9. c3 O-O 10. O-O Qb6 11. Rab1 a5 12. e4 Qa6 13. Qc2 Rfc8 14. Rfe1 h6
15. Qd1 b5 16. e5 Ne8 17. Nh2 Nf8 18. Qg4 Ng6 19. Be3 Qb7 20. g3 Bf8 21. h4 Kh7
22. h5 Ne7 23. f4 Nf5 24. Bf2 c5 25. Qf3 cxd4 26. g4 dxc3 27. bxc3 Ne7 28. f5
Nc7 29. Qd3 Kg8 30. Nhf3 Nc6 31. g5 exf5 32. Qxf5 Ne7 33. Qd3 Qa6 34. Bd4 b4
35. Qxa6 Rxa6 36. cxb4 axb4 37. Rxb4 Nc6 38. Rb2 Nxd4 39. Nxd4 Bc5 40. N2b3
Bxd4+ 41. Nxd4 Ne6 42. Nxe6 Rxe6 43. gxh6 Rxh6 44. Rd2 Rxh5 45. a4 Rc4 46. Rxd5
Rxa4 47. Rd8+ Kh7 48. Rd3 Rg4+ 49. Kf2 Rg6 50. Rf3 Re6 51. Rxf7 Rhxe5 52. Rxe5
Rxe5 53. Rc7 Kg6 54. Kg3 Kf6 55. Kg4 Re4+ 56. Kf3 Re7 57. Rc6+ Re6 58. Rc8 Ra6
59. Rf8+ Kg5 60. Rc8 Ra3+ 61. Kg2 g6 62. Rc5+ Kh6 63. Rc6 Kh5 64. Rc8 g5 65.
Rh8+ Kg4 66. Kf2 Ra2+ 67. Ke3 Kg3 68. Ke4 g4 69. Rg8 Ra4+ 70. Ke3 Kg2 71. Rg7
g3 72. Rg8 Ra3+ 73. Ke2 Kg1 74. Rg7 Kg2 75. Rg8 Ra2+ 76. Ke3 Rf2 77. Rg7 Rf8
78. Rg6 Re8+ 79. Kf4 Kf2 80. Kg4 g2 0-1

[Event "XVI Weekend B"]
[Site "Ceriano Laghetto ITA"]
[Date "2007.04.01"]
[Round "4"]
[White "Milanesi, Erminio"]
[Black "Regorda, Massimiliano"]
[Result "1-0"]
[WhiteElo "1878"]
[BlackElo "1869"]
[PlyCount "50"]
[EventDate "2007.03.30"]

1. e4 e5 2. Nf3 Nc6 3. Bc4 Be7 4. Nc3 Nf6 5. d3 O-O 6. a3 d6 7. h3 Be6 8. Nd5
h6 9. Be3 Qd7 10. Qd2 Nh7 11. g4 a6 12. Bxh6 gxh6 13. Qxh6 Nd4 14. Nxd4 exd4
15. h4 b5 16. Bb3 Bxd5 17. Bxd5 c6 18. Bb3 d5 19. O-O-O a5 20. g5 a4 21. Ba2 b4
22. Rdg1 bxa3 23. g6 axb2+ 24. Kb1 Nf6 25. g7 Nh7 1-0

[Event "XVI Weekend B"]
[Site "Ceriano Laghetto ITA"]
[Date "2007.04.01"]
[Round "4"]
[White "Nardone, Massimo"]
[Black "Primerano, Carlo"]
[Result "0-1"]
[WhiteElo "1914"]
[BlackElo "1776"]
[PlyCount "78"]
[EventDate "2007.03.30"]

1. d4 Nf6 2. c4 e6 3. Nc3 Bb4 4. Qc2 O-O 5. Bg5 b6 6. a3 Bxc3+ 7. Qxc3 Bb7 8.
Nf3 h6 9. Bh4 d6 10. e3 Nbd7 11. Be2 c5 12. dxc5 dxc5 13. Rd1 Qc7 14. h3 Rad8
15. O-O Qc8 16. b4 Ne4 17. Qc2 g5 18. Bg3 Nxg3 19. fxg3 Qc7 20. g4 Ne5 21. Rxd8
Rxd8 22. Rd1 Rxd1+ 23. Bxd1 Nxf3+ 24. Bxf3 Bxf3 25. gxf3 Qg3+ 26. Qg2 Qe1+ 27.
Kh2 Qxe3 28. Qf1 Qxa3 29. bxc5 Qxc5 30. Qd3 Qe5+ 31. Kg2 Kg7 32. Qd7 a5 33. Qd8
Qe2+ 34. Kg3 Qxc4 35. Qxb6 Qf4+ 36. Kg2 Qd2+ 37. Kg3 a4 38. Qb5 Qd4 39. Qa5
Qg1# 0-1

[Event "XVI Weekend B"]
[Site "Ceriano Laghetto ITA"]
[Date "2007.04.01"]
[Round "4"]
[White "Palminteri, Vincenzo"]
[Black "Pepa, Syrja"]
[Result "1-0"]
[WhiteElo "1613"]
[BlackElo "1814"]
[PlyCount "78"]
[EventDate "2007.03.30"]

1. e4 e6 2. d4 d5 3. Nd2 dxe4 4. Nxe4 Be7 5. Nf3 Nf6 6. Bd3 O-O 7. O-O Nbd7 8.
Nxf6+ Nxf6 9. Bg5 h6 10. Bh4 b6 11. Qe2 Bb7 12. Rad1 Qd5 13. c4 Qh5 14. Bxf6
Bxf6 15. Be4 c6 16. b4 Be7 17. b5 Rac8 18. h3 Rfe8 19. g4 Qxh3 20. Ne5 Qa3 21.
f4 Qg3+ 22. Qg2 Qe3+ 23. Kh2 Qc3 24. g5 Bf8 25. gxh6 f5 26. Rd3 Qb4 27. Qg6 Re7
28. h7+ Kh8 29. Nf7+ Rxf7 30. Qxf7 Be7 31. Rg3 Qd2+ 32. Kh1 Qxd4 33. Bf3 Qf6
34. Qxf6 Bxf6 35. Re1 Bh4 36. Kg2 Re8 37. bxc6 Bc8 38. Rd1 Bxg3 39. Kxg3 Re7
1-0

[Event "XVI Weekend B"]
[Site "Ceriano Laghetto ITA"]
[Date "2007.04.01"]
[Round "4"]
[White "Ragusa, Luigi"]
[Black "Basilico, Davide"]
[Result "1/2-1/2"]
[WhiteElo "1780"]
[BlackElo "1632"]
[PlyCount "98"]
[EventDate "2007.03.30"]

1. c4 e6 2. Nc3 Nf6 3. e4 d5 4. e5 Nfd7 5. cxd5 Nxe5 6. dxe6 Bxe6 7. Qe2 Ng6 8.
g3 Nc6 9. Nf3 Be7 10. Bg2 Bg4 11. O-O Nge5 12. d4 Bxf3 13. Bxf3 Nxd4 14. Qe4
Ndxf3+ 15. Kg2 c6 16. Bf4 f6 17. Rad1 Qb6 18. Bxe5 Nxe5 19. f4 Qxb2+ 20. Ne2
Ng6 21. Rb1 Qxa2 22. Rxb7 Qd5 23. Qxd5 cxd5 24. Nd4 O-O 25. f5 Rfe8 26. fxg6
hxg6 27. Ne6 Rab8 28. Rxa7 Bf8 29. Nf4 Rb2+ 30. Kh3 Kh7 31. Nxd5 Ree2 32. Nxf6+
Kh8 33. Ng4 Bd6 34. Ra8+ Kh7 35. Rd8 Be7 36. Re8 Rb5 37. Rf2 Re4 38. Rf4 Re2
39. Nf2 g5 40. Rf7 Rbe5 41. Ng4 R5e4 42. Rf2 Re1 43. Ra8 Rc1 44. Ra5 Bc5 45.
Rf5 Be7 46. Rae5 Rxe5 47. Rxe5 Bf6 48. Re2 Rc5 49. Rb2 Rc6 1/2-1/2

[Event "XVI Weekend B"]
[Site "Ceriano Laghetto ITA"]
[Date "2007.04.01"]
[Round "4"]
[White "Revinelli, Sergio"]
[Black "Brighenti, Alessandro"]
[Result "1-0"]
[WhiteElo "1844"]
[BlackElo "1596"]
[PlyCount "52"]
[EventDate "2007.03.30"]

1. e4 e5 2. Nf3 Nc6 3. Bc4 Nf6 4. Ng5 d5 5. exd5 Nd4 6. d3 h6 7. Ne4 b5 8. c3
bxc4 9. cxd4 exd4 10. Nxf6+ Qxf6 11. dxc4 Bb4+ 12. Bd2 Bxd2+ 13. Qxd2 Qg6 14.
O-O Bh3 15. Re1+ Kd8 16. g3 Kd7 17. Na3 a6 18. Kh1 Bf5 19. Qxd4 h5 20. c5 h4
21. Nc4 f6 22. d6 h3 23. Re7+ Kd8 24. f3 Bc8 25. Rae1 Bb7 26. dxc7+ Kc8 1-0

[Event "XVI Weekend B"]
[Site "Ceriano Laghetto ITA"]
[Date "2007.04.01"]
[Round "4"]
[White "Ronconi, Fausto"]
[Black "Viale, Fabio"]
[Result "1-0"]
[WhiteElo "1739"]
[BlackElo "1703"]
[PlyCount "61"]
[EventDate "2007.03.30"]

1. d4 Nf6 2. c4 e6 3. a3 b6 4. Nf3 Ba6 5. e3 Be7 6. Nc3 Bb7 7. Bd3 d5 8. O-O
O-O 9. b4 c6 10. Rb1 a6 11. c5 b5 12. Qc2 Nbd7 13. e4 dxe4 14. Nxe4 Nxe4 15.
Bxe4 Nf6 16. Bg5 h6 17. Bh4 Nd5 18. Bxe7 Qxe7 19. Ne5 Qg5 20. Rb3 Qd8 21. Rg3
Qc7 22. Qd2 Kh8 23. Bb1 Nf6 24. Ng4 Nxg4 25. Rxg4 Rad8 26. Rh4 f5 27. Re1 Qe7
28. Qf4 Rf6 29. Rh3 g5 30. Qxg5 Rxd4 31. Rxh6+ 1-0

[Event "XVI Weekend B"]
[Site "Ceriano Laghetto ITA"]
[Date "2007.04.01"]
[Round "4"]
[White "Schingaro, Angelo"]
[Black "Ferraris, Fulvio"]
[Result "0-1"]
[WhiteElo "1728"]
[BlackElo "1712"]
[PlyCount "64"]
[EventDate "2007.03.30"]

1. e4 e6 2. d4 d5 3. e5 c5 4. Qg4 cxd4 5. Nf3 Qc7 6. Bd3 g6 7. O-O Nc6 8. Re1
Bg7 9. Qg3 a6 10. a3 h5 11. h4 Nh6 12. Bf4 Ng4 13. Nbd2 Qe7 14. Nb3 Bh6 15.
Bxh6 Nxh6 16. Nbxd4 Bd7 17. b4 Nxd4 18. Nxd4 Rc8 19. Rac1 b5 20. Nb3 Rc3 21.
Qf4 Nf5 22. g3 Rg8 23. Bxf5 gxf5 24. Re3 Rc4 25. Qf3 Qxh4 26. Kf1 Qh3+ 27. Ke2
Qg4 28. Kd2 Ke7 29. Rh1 Rgc8 30. Nc5 d4 31. Rd3 Qxf3 32. Rxf3 Bc6 0-1

[Event "XVI Weekend B"]
[Site "Ceriano Laghetto ITA"]
[Date "2007.04.01"]
[Round "4"]
[White "Tomasetto, Mauro"]
[Black "Cervini, Gian Piero"]
[Result "1-0"]
[WhiteElo "1602"]
[BlackElo "1792"]
[PlyCount "63"]
[EventDate "2007.03.30"]

1. d4 Nf6 2. c4 g6 3. Nc3 Bg7 4. e4 d6 5. f3 O-O 6. Bg5 c6 7. Qd2 Qa5 8. Nge2
b5 9. cxb5 cxb5 10. Bxf6 exf6 11. Nf4 b4 12. Ncd5 Ba6 13. Bxa6 Nxa6 14. O-O Qd8
15. Rac1 Rb8 16. Rc6 Qa5 17. b3 Rfd8 18. Rfc1 f5 19. exf5 Bh6 20. Qd3 Rb5 21.
R1c2 Bxf4 22. Nxf4 Rb6 23. fxg6 hxg6 24. Qc4 Rxc6 25. Qxc6 Nb8 26. Qd5 Qa6 27.
Qc4 Qxc4 28. Rxc4 a5 29. Kf2 Nd7 30. Rc6 Nb8 31. Rc7 Kg7 32. Ne6+ 1-0

[Event "XVI Weekend B"]
[Site "Ceriano Laghetto ITA"]
[Date "2007.04.01"]
[Round "4"]
[White "Virzi, Ettore"]
[Black "Colombo, Sandro"]
[Result "1/2-1/2"]
[WhiteElo "1952"]
[BlackElo "1854"]
[PlyCount "138"]
[EventDate "2007.03.30"]

1. e4 c5 2. Nf3 Nc6 3. d4 cxd4 4. Nxd4 Nf6 5. Nc3 e5 6. Ndb5 d6 7. Bg5 a6 8.
Na3 b5 9. Bxf6 gxf6 10. Nd5 Bg7 11. Bd3 Ne7 12. Nxe7 Qxe7 13. c3 O-O 14. Qf3
Bb7 15. O-O Rfe8 16. Nc2 d5 17. Ne3 dxe4 18. Bxe4 Bxe4 19. Qxe4 f5 20. Nxf5 Qg5
21. h4 Qf6 22. Rfd1 Red8 23. Re1 Rac8 24. Nxg7 Qxg7 25. Rad1 Re8 26. Rd5 Rc4
27. Qxe5 Rxe5 28. Rd8+ Qf8 29. Rxf8+ Kxf8 30. Rxe5 Rxh4 31. g3 Rh6 32. Rd5 Ke7
33. Kg2 Rc6 34. a3 Ke6 35. Rd4 a5 36. a4 bxa4 37. Rxa4 Rb6 38. Rxa5 Rxb2 39.
Rc5 Rc2 40. g4 Kd6 41. Rc8 Ke5 42. Kg3 Kf6 43. f4 Kg7 44. Kf3 h6 45. Ke4 Rg2
46. Kf5 Rc2 47. c4 Rc1 48. c5 Rc2 49. c6 Rc1 50. Ke5 Re1+ 51. Kd6 Rd1+ 52. Kc7
Rd4 53. Rd8 Rxf4 54. Rd5 Rxg4 55. Rc5 Kg6 56. Kd6 Rd4+ 57. Ke7 Re4+ 58. Kf8 Ra4
59. c7 Ra8+ 60. Ke7 h5 61. Kd7 f5 62. c8=Q Rxc8 63. Rxc8 h4 64. Ke6 Kg5 65.
Rg8+ Kf4 66. Rh8 Kg3 67. Kxf5 h3 68. Rg8+ Kf2 69. Rh8 Kg2 1/2-1/2

[Event "XVI Weekend B"]
[Site "Ceriano Laghetto ITA"]
[Date "2007.04.01"]
[Round "5"]
[White "Albrizio, Mauro"]
[Black "Schingaro, Angelo"]
[Result "1-0"]
[WhiteElo "1736"]
[BlackElo "1728"]
[PlyCount "93"]
[EventDate "2007.03.30"]

1. e4 c6 2. d4 d5 3. Bd3 dxe4 4. Bxe4 Nf6 5. Bf3 Bf5 6. Ne2 e6 7. O-O Bd6 8.
Bf4 Na6 9. Bxd6 Qxd6 10. c3 O-O 11. Nd2 Rfd8 12. Ng3 Bg6 13. Nc4 Qc7 14. Qe2 c5
15. Rfd1 cxd4 16. cxd4 Nb4 17. Ne5 Nbd5 18. Nxg6 hxg6 19. Rac1 Qb6 20. Qd2 Rac8
21. Ne2 a5 22. a3 a4 23. Nc3 Qb3 24. Bxd5 Nxd5 25. g3 Kf8 26. Nxd5 Qxd5 27.
Qb4+ Ke8 28. Qxa4+ b5 29. Qb4 Rc4 30. Rxc4 Qxc4 31. Qxc4 bxc4 32. Kf1 Ke7 33.
Ke2 Rb8 34. Rd2 Kd6 35. Rc2 Kd5 36. Ke3 Rb3+ 37. Rc3 Rxb2 38. h4 Rb3 39. Rxb3
cxb3 40. Kd3 b2 41. Kc2 Kxd4 42. Kxb2 Kc4 43. f4 f6 44. Kc2 e5 45. fxe5 fxe5
46. a4 e4 47. Kd2 1-0

[Event "XVI Weekend B"]
[Site "Ceriano Laghetto ITA"]
[Date "2007.04.01"]
[Round "5"]
[White "Basilico, Davide"]
[Black "Nardone, Massimo"]
[Result "0-1"]
[WhiteElo "1632"]
[BlackElo "1914"]
[PlyCount "24"]
[EventDate "2007.03.30"]

1. e4 d5 2. exd5 Qxd5 3. Nc3 Qa5 4. Nf3 Bf5 5. d4 c6 6. Bd2 e6 7. Be2 Nd7 8.
O-O Ngf6 9. a3 Qc7 10. Nh4 Bg6 11. Nxg6 hxg6 12. Bf3 Qxh2# 0-1

[Event "XVI Weekend B"]
[Site "Ceriano Laghetto ITA"]
[Date "2007.04.01"]
[Round "5"]
[White "Brighenti, Alessandro"]
[Black "Bianchi, Massimiliano"]
[Result "1-0"]
[WhiteElo "1596"]
[BlackElo "1671"]
[PlyCount "63"]
[EventDate "2007.03.30"]

1. e4 e6 2. Nc3 c5 3. g3 d6 4. Bg2 Nc6 5. d3 Nf6 6. f4 e5 7. Nf3 b6 8. O-O Bg4
9. h3 Bd7 10. g4 Nd4 11. fxe5 Nxf3+ 12. Qxf3 dxe5 13. g5 Be7 14. gxf6 Bxf6 15.
Nd5 Rg8 16. Bg5 Be6 17. Bxf6 Qd7 18. Bxe5 O-O-O 19. Bh2 f5 20. Qf4 Kb7 21. Nc7
g5 22. exf5+ Bd5 23. Bxd5+ Qxd5 24. Qf3 Qxf3 25. Rxf3 g4 26. hxg4 h5 27. Re1
Rd7 28. f6 Rxg4+ 29. Kh1 Rg8 30. Re7 Kc6 31. f7 Rf8 32. Rf6+ 1-0

[Event "XVI Weekend B"]
[Site "Ceriano Laghetto ITA"]
[Date "2007.04.01"]
[Round "5"]
[White "Cervini, Gian Piero"]
[Black "Marcangeli, Alessandro"]
[Result "1-0"]
[WhiteElo "1792"]
[BlackElo "1706"]
[PlyCount "111"]
[EventDate "2007.03.30"]

1. e4 c5 2. c3 d5 3. exd5 Qxd5 4. d4 Nc6 5. Be3 Nf6 6. dxc5 Qxd1+ 7. Kxd1 Ng4
8. Nf3 Nxe3+ 9. fxe3 Bg4 10. Be2 e6 11. b4 Be7 12. Nd4 Bxe2+ 13. Kxe2 O-O 14.
Nd2 Rfd8 15. Rhd1 Nxd4+ 16. cxd4 Rac8 17. b5 e5 18. Nb3 exd4 19. exd4 Rd5 20.
a4 f5 21. Rac1 Bg5 22. Rc2 b6 23. c6 Bf4 24. g3 Bc7 25. Kd3 Re8 26. Re2 Rxe2
27. Kxe2 Kf7 28. Kd3 g5 29. Kc4 Rd8 30. d5 Bd6 31. Nd4 Kf6 32. Re1 Be5 33. Ne6
Re8 34. Kd3 h5 35. Re3 Re7 36. Ke2 f4 37. gxf4 gxf4 38. Rh3 Kg6 39. Kf3 Rf7 40.
Rh4 Bd6 41. Nxf4+ Kg7 42. Ke4 Re7+ 43. Ne6+ Kg6 44. Rh3 Rf7 45. Rf3 Rxf3 46.
Kxf3 Kf5 47. c7 Bxc7 48. Nxc7 Ke5 49. Ke3 Kd6 50. Kd4 Kxc7 51. Ke5 Kd7 52. d6
h4 53. h3 Kd8 54. Ke6 Ke8 55. d7+ Kd8 56. Kd6 1-0

[Event "XVI Weekend B"]
[Site "Ceriano Laghetto ITA"]
[Date "2007.04.01"]
[Round "5"]
[White "Milanesi, Erminio"]
[Black "Cardani, Roberto"]
[Result "0-1"]
[WhiteElo "1878"]
[BlackElo "1887"]
[PlyCount "101"]
[EventDate "2007.03.30"]

1. e4 c5 2. d3 Nc6 3. g3 g6 4. Bg2 Bg7 5. Nh3 d6 6. O-O e6 7. c3 Nge7 8. Be3
Rb8 9. Qd2 b5 10. Bh6 O-O 11. Bxg7 Kxg7 12. Na3 Bd7 13. f3 f5 14. Nc2 e5 15.
Nf2 b4 16. cxb4 Nxb4 17. Nxb4 Rxb4 18. Rfc1 Qb6 19. b3 a5 20. Rc4 Nc6 21. exf5
Bxf5 22. Ng4 Bxg4 23. fxg4 Nd4 24. Rf1 Qd8 25. Rxf8 Qxf8 26. Rxb4 axb4 27. Qe3
Nb5 28. h4 Nc3 29. Qd2 Qf7 30. h5 gxh5 31. Qg5+ Qg6 32. Qe7+ Kh6 33. g5+ Qxg5
34. Qxd6+ Kg7 35. Qxc5 Ne2+ 36. Kf2 Qxg3+ 37. Kxe2 Qxg2+ 38. Ke1 Qg3+ 39. Ke2
Qf4 40. Qe7+ Kg6 41. Qe6+ Kg5 42. Qg8+ Kh4 43. Qxh7 Qg4+ 44. Kf2 Kh3 45. Qh8
Qd4+ 46. Ke2 h4 47. Qf6 Qg4+ 48. Ke1 Qf4 49. Qc6 Qe3+ 50. Kf1 Qxd3+ 51. Kf2 0-1

[Event "XVI Weekend B"]
[Site "Ceriano Laghetto ITA"]
[Date "2007.04.01"]
[Round "5"]
[White "Pepa, Syrja"]
[Black "Greco, Umberto"]
[Result "1-0"]
[WhiteElo "1814"]
[BlackElo "1623"]
[PlyCount "66"]
[EventDate "2007.03.30"]

1. d4 d5 2. e3 Nf6 3. Nf3 Bf5 4. c4 c6 5. Nc3 e6 6. Be2 Bd6 7. Nh4 Be4 8. Nxe4
Nxe4 9. g3 Bb4+ 10. Kf1 Nd7 11. f3 Qf6 12. Kg1 Nd6 13. c5 Nf5 14. Nxf5 Qxf5 15.
Qa4 Be1 16. Kg2 Bxg3 17. hxg3 Nf6 18. Qb3 Rb8 19. Qd3 Qxd3 20. Bxd3 b6 21. cxb6
axb6 22. Bd2 c5 23. b3 Ke7 24. Rhc1 Rhc8 25. a4 h6 26. Rc2 Rc7 27. Rac1 Rbc8
28. a5 bxa5 29. Rxc5 Rxc5 30. Rxc5 Rxc5 31. dxc5 Nd7 32. c6 Nc5 33. Bb5 Kd8 1-0

[Event "XVI Weekend B"]
[Site "Ceriano Laghetto ITA"]
[Date "2007.04.01"]
[Round "5"]
[White "Primerano, Carlo"]
[Black "Tomasetto, Mauro"]
[Result "0-1"]
[WhiteElo "1776"]
[BlackElo "1602"]
[PlyCount "134"]
[EventDate "2007.03.30"]

1. d4 Nf6 2. c4 c5 3. d5 b5 4. cxb5 a6 5. bxa6 g6 6. Nc3 Bxa6 7. e4 Bxf1 8.
Kxf1 d6 9. Nf3 Nbd7 10. h3 Bg7 11. g3 O-O 12. Kg2 Ra6 13. Re1 Qa8 14. a3 Rb8
15. Qc2 Ne8 16. Bf4 Rab6 17. Rab1 Qb7 18. Re2 Rb3 19. Nd2 Rxb2 20. Rxb2 Qxb2
21. Qxb2 Rxb2 22. Ndb1 Bxc3 23. Nxc3 Rb3 24. Rc2 Rxa3 25. Bc1 Rb3 26. f4 Nc7
27. Ne2 Nf6 28. Nc3 Nb5 29. Nxb5 Rxb5 30. Re2 Rb3 31. g4 h6 32. f5 g5 33. e5
Nxd5 34. exd6 exd6 35. Re8+ Kg7 36. Rd8 Rb1 37. Rxd6 Rxc1 38. Rxd5 Rc3 39. Rd6
c4 40. Rc6 f6 41. Rc7+ Kf8 42. Kh2 Rc2+ 43. Kg3 c3 44. Kf3 Ke8 45. Ke4 Rc1 46.
Kd3 Rh1 47. Kc2 Rxh3 48. Rh7 Kf8 49. Rc7 Rg3 50. Rh7 Rxg4 51. Rxh6 Kg7 52. Rh3
Rf4 53. Kxc3 Rxf5 54. Kd4 Re5 55. Rh1 Kg6 56. Rf1 Rf5 57. Re1 Rf4+ 58. Kd5 g4
59. Re8 f5 60. Rg8+ Kf7 61. Rg5 Rf3 62. Ke5 g3 63. Kd4 f4 64. Ke4 Rf2 65. Kd3
g2 66. Rg4 f3 67. Rg3 Rf1 0-1

[Event "XVI Weekend B"]
[Site "Ceriano Laghetto ITA"]
[Date "2007.04.01"]
[Round "5"]
[White "Regorda, Massimiliano"]
[Black "Palminteri, Vincenzo"]
[Result "1-0"]
[WhiteElo "1869"]
[BlackElo "1613"]
[PlyCount "77"]
[EventDate "2007.03.30"]

1. e4 Nf6 2. e5 Nd5 3. c4 Nb6 4. d4 d6 5. exd6 cxd6 6. Nc3 g6 7. Nf3 Bg7 8. Bd3
Nc6 9. Be3 Qc7 10. h3 Nb4 11. b3 Nxd3+ 12. Qxd3 Bf5 13. Qd2 O-O 14. O-O Rad8
15. Bh6 Rfe8 16. Bxg7 Kxg7 17. d5 e6 18. dxe6 Bxe6 19. Nb5 Qb8 20. Qa5 d5 21.
Nxa7 Qd6 22. Nb5 Qf4 23. Qxb6 Bxh3 24. Qd4+ Qxd4 25. Nfxd4 Bxg2 26. Kxg2 Re5
27. Nf3 Rf5 28. Rad1 g5 29. Rxd5 Rfxd5 30. cxd5 g4 31. Nfd4 Rxd5 32. Rc1 h5 33.
Rc7 h4 34. Rxb7 h3+ 35. Kg3 Kg6 36. Rb6+ Kg5 37. Rd6 Re5 38. f4+ gxf3 39. Nxf3+
1-0

[Event "XVI Weekend B"]
[Site "Ceriano Laghetto ITA"]
[Date "2007.04.01"]
[Round "5"]
[White "Regorda, Vittorio"]
[Black "Colombo, Sandro"]
[Result "1-0"]
[WhiteElo "1891"]
[BlackElo "1854"]
[PlyCount "87"]
[EventDate "2007.03.30"]

1. c4 e5 2. Nc3 Nf6 3. g3 d5 4. cxd5 Nxd5 5. Bg2 Nb6 6. d3 Be7 7. Nf3 Nc6 8.
O-O g5 9. Be3 h5 10. Qc1 g4 11. Ng5 Rg8 12. Bxc6+ bxc6 13. Bxb6 Bxg5 14. Be3 h4
15. Ne4 Bxe3 16. Qxe3 f5 17. Nc5 Qd6 18. Rac1 Rb8 19. Nb3 h3 20. Rc5 Rb5 21.
Rfc1 Bb7 22. d4 Rxc5 23. Nxc5 Qd5 24. Qxe5+ Qxe5 25. dxe5 Bc8 26. Nd3 Kd7 27.
Kf1 Re8 28. Rc5 Bb7 29. Ke1 Rd8 30. Kd2 Ke7 31. Ke3 Rd5 32. Rxd5 cxd5 33. f4 c6
34. Kd4 Bc8 35. Nc5 Ke8 36. b4 Ke7 37. a3 Kf7 38. e3 Ke7 39. a4 a6 40. Nb3 Kd7
41. Kc5 Kc7 42. Nd4 Bd7 43. a5 Kb7 44. Kd6 1-0

[Event "XVI Weekend B"]
[Site "Ceriano Laghetto ITA"]
[Date "2007.04.01"]
[Round "5"]
[White "Ronconi, Fausto"]
[Black "Libutti, Michele"]
[Result "1-0"]
[WhiteElo "1739"]
[BlackElo "1887"]
[PlyCount "59"]
[EventDate "2007.03.30"]

1. d4 Nf6 2. c4 g6 3. Nf3 Bg7 4. Nc3 d6 5. g3 O-O 6. Bg2 Nbd7 7. O-O c5 8. b3
a6 9. Bb2 Qc7 10. dxc5 Nxc5 11. Qd2 Bd7 12. Nd5 Nxd5 13. Bxg7 Kxg7 14. Qxd5 Bc6
15. Qd4+ Kg8 16. Qe3 Kg7 17. Rfd1 e5 18. Nd2 Bxg2 19. Kxg2 Rad8 20. Kg1 Ne6 21.
Nf3 f5 22. Rd5 f4 23. Qd2 fxg3 24. hxg3 Rd7 25. Nxe5 Re7 26. Rxd6 Nc5 27. Qd4
Kg8 28. Ng4 Rf5 29. Nh6+ Kf8 30. Qh8# 1-0

[Event "XVI Weekend B"]
[Site "Ceriano Laghetto ITA"]
[Date "2007.04.01"]
[Round "5"]
[White "Rossi, Giampiero"]
[Black "Revinelli, Sergio"]
[Result "1-0"]
[WhiteElo "1980"]
[BlackElo "1844"]
[PlyCount "155"]
[EventDate "2007.03.30"]

1. d4 d5 2. c4 c6 3. cxd5 cxd5 4. Nc3 Nc6 5. Nf3 Nf6 6. Bf4 Ne4 7. e3 Nxc3 8.
bxc3 g6 9. Bd3 Bg7 10. O-O O-O 11. h3 a6 12. Qe2 Re8 13. c4 dxc4 14. Bxc4 e5
15. dxe5 Nxe5 16. Nxe5 Bxe5 17. Bxe5 Rxe5 18. Rfd1 Qe7 19. Rd4 Bd7 20. Rad1 Bc6
21. Qd2 Re8 22. Rf4 Rf8 23. Qd6 Kg7 24. Qxe7 Rxe7 25. Rfd4 Rfe8 26. Rd6 Re5 27.
Bxa6 Rg5 28. Bf1 Ra8 29. R1d2 Rc5 30. Be2 Rc1+ 31. Kh2 Rc5 32. Bf3 Bxf3 33.
gxf3 Rc7 34. Kg2 Ra5 35. R6d5 Ra3 36. f4 Kf6 37. Rd6+ Ke7 38. Rb6 Kf8 39. Rdb2
Kg7 40. h4 h5 41. Kf3 Re7 42. Rxb7 Rxb7 43. Rxb7 Rxa2 44. Re7 Ra6 45. Re5 Ra3
46. Rc5 Rb3 47. f5 gxf5 48. Rxf5 Kg6 49. Rg5+ Kh6 50. Rd5 f6 51. Rd4 Kg6 52.
Kf4 Rb2 53. f3 Rh2 54. Kg3 Rh1 55. Kg2 Ra1 56. e4 Ra5 57. Rd5 Ra6 58. Kg3 Rb6
59. Kf4 Ra6 60. Ke3 Ra3+ 61. Rd3 Ra6 62. f4 Ra1 63. f5+ Kg7 64. Kf4 Rf1+ 65.
Rf3 Rh1 66. Kg3 Rg1+ 67. Kh2 Rg4 68. Rg3 Rxg3 69. Kxg3 Kf7 70. Kf4 Ke7 71. Ke3
Kd7 72. Kd4 Kd6 73. e5+ fxe5+ 74. Ke4 Kd7 75. Kxe5 Ke7 76. f6+ Kf8 77. Kf5 Kf7
78. Kg5 1-0

[Event "XVI Weekend B"]
[Site "Ceriano Laghetto ITA"]
[Date "2007.04.01"]
[Round "5"]
[White "Savarese, Vincenzo"]
[Black "Virzi, Ettore"]
[Result "1/2-1/2"]
[WhiteElo "1866"]
[BlackElo "1952"]
[PlyCount "62"]
[EventDate "2007.03.30"]

1. e4 e5 2. Nf3 Nc6 3. d4 exd4 4. c3 d5 5. exd5 Qxd5 6. cxd4 Nf6 7. Nc3 Bb4 8.
Bd2 Bxc3 9. bxc3 O-O 10. Be2 Re8 11. O-O Bg4 12. c4 Qh5 13. h3 Nxd4 14. Nxd4
Bxe2 15. Nxe2 Qxe2 16. Qxe2 Rxe2 17. Bf4 h6 18. c5 Nd5 19. Bh2 Rae8 20. Rad1 c6
21. a4 b6 22. cxb6 axb6 23. a5 bxa5 24. Ra1 Ra8 25. Rfc1 Nb4 26. Bd6 Rd8 27.
Bc7 Rdd2 28. Bxa5 Rxf2 29. Bxb4 Rxg2+ 30. Kf1 Rgf2+ 31. Kg1 Rg2+ 1/2-1/2

[Event "IV Torneo B Primavera Vomero"]
[Site "Napoli ITA"]
[Date "2007.04.26"]
[Round "6"]
[White "Caccaviello, Vincenzo"]
[Black "Di Gennaro, Antonio"]
[Result "0-1"]
[WhiteElo "1664"]
[BlackElo "1601"]
[PlyCount "98"]
[EventDate "2007.03.22"]

1. e4 c5 2. Nf3 d6 3. d4 cxd4 4. Qxd4 Bd7 5. Nc3 Nc6 6. Qd1 g6 7. Be2 Bg7 8.
Nd5 h6 9. c3 e6 10. Ne3 Qc7 11. Nc4 Bf8 12. O-O g5 13. Nd4 Nxd4 14. cxd4 Bg7
15. Be3 b5 16. Nd2 Nf6 17. Bf3 Rb8 18. Rc1 Qa5 19. a3 O-O 20. g3 Rfc8 21. Nb3
Qd8 22. e5 Ne8 23. exd6 Rxc1 24. Nxc1 Nxd6 25. b3 Nf5 26. Bh5 Qe7 27. b4 Rf8
28. Nb3 Nxe3 29. fxe3 Bc6 30. Qc2 Bd5 31. Nc5 f5 32. Be2 Qe8 33. Bd3 Ba8 34.
Qe2 Qc6 35. e4 Bxd4+ 36. Kg2 Bxc5 37. bxc5 Qxc5 38. Re1 Qxa3 39. Bxb5 Bxe4+ 40.
Kf1 g4 41. Bc4 Kh7 42. Bxe6 Bd3 43. Qxd3 Qxd3+ 44. Kg1 Qd8 45. Bc4 a5 46. Bf1
a4 47. Kh1 a3 48. Ra1 Qa5 49. Bc4 Rb8 0-1

[Event "IV Torneo B Primavera Vomero"]
[Site "Napoli ITA"]
[Date "2007.04.26"]
[Round "6"]
[White "D'Errico, Francesco"]
[Black "Caporali, Dante"]
[Result "0-1"]
[WhiteElo "1667"]
[BlackElo "1631"]
[PlyCount "112"]
[EventDate "2007.03.22"]

1. d4 Nf6 2. Nf3 e6 3. Bf4 c5 4. e3 cxd4 5. exd4 d5 6. c3 Nc6 7. Bd3 Be7 8.
Nbd2 O-O 9. O-O Bd7 10. Ne5 h6 11. Qe2 a6 12. Ndf3 Rc8 13. Rfe1 b5 14. a3 Na5
15. Nxd7 Qxd7 16. Ne5 Qd8 17. Ng4 Kh8 18. Nxf6 Bxf6 19. Bc2 Bg5 20. Qd3 g6 21.
Bxg5 Qxg5 22. Re2 Nc4 23. Bb3 Nd6 24. Rae1 h5 25. Re5 Qh6 26. f3 Nc4 27. Bxc4
bxc4 28. Qf1 Rb8 29. R1e2 Rb3 30. h3 Rfb8 31. Qa1 h4 32. Rc2 R3b6 33. Ree2 g5
34. Qc1 f5 35. Qe3 Kg7 36. Qe5+ Qf6 37. Qe3 f4 38. Qf2 a5 39. Re5 Kf7 40. Qe2
a4 41. Kf1 Qg6 42. Ke1 Qd3 43. Rxg5 Qxe2+ 44. Rxe2 Rxb2 45. Rge5 Rxe2+ 46. Rxe2
Rb3 47. Rc2 Rxa3 48. Kd2 Rb3 49. Kc1 Ke7 50. Kd2 Kd6 51. Ra2 a3 52. Rc2 Kc6 53.
Kc1 Kb5 54. Kd2 Ka5 55. Kc1 Ka4 56. Kd2 Rb1 0-1